000
00468nam a2200145Ia 4500
008
100204s9999 xx 000 0 und d
082
_b
18590
100
_a
जोशी दिलीप
245
_a
स्वप्नगंधा
260
_b
"राजेंद्र पब्लिकेशन्स , पुणे 30"
_c
1995
300
_a
164
630
_a
स्वप्नगंधा
730
_a
स्वप्नगंधा
942
_c
BOOK
999
_c
463013
_d
463010